<?xml version="1.0" encoding="UTF-8"?>
<record
    xmlns:xsi="http://www.w3.org/2001/XMLSchema-instance"
    xsi:schemaLocation="http://www.loc.gov/MARC21/slim http://www.loc.gov/standards/marcxml/schema/MARC21slim.xsd"
    xmlns="http://www.loc.gov/MARC21/slim">

  <leader>00785nam a22001937a 4500</leader>
  <datafield tag="999" ind1=" " ind2=" ">
    <subfield code="c">187295</subfield>
    <subfield code="d">187295</subfield>
  </datafield>
  <controlfield tag="005">20220411152426.0</controlfield>
  <datafield tag="010" ind1=" " ind2=" ">
    <subfield code="a">UR-11516</subfield>
  </datafield>
  <datafield tag="020" ind1=" " ind2=" ">
    <subfield code="c">100.00</subfield>
    <subfield code="a">9789380395449</subfield>
  </datafield>
  <datafield tag="035" ind1=" " ind2=" ">
    <subfield code="a">U-10071</subfield>
  </datafield>
  <datafield tag="037" ind1=" " ind2=" ">
    <subfield code="b">DBAD/PUB</subfield>
    <subfield code="a">-</subfield>
  </datafield>
  <datafield tag="082" ind1=" " ind2=" ">
    <subfield code="a">841.8</subfield>
    <subfield code="2">Ist</subfield>
  </datafield>
  <datafield tag="100" ind1=" " ind2=" ">
    <subfield code="a">&#x646;&#x632; &#x64A;&#x631; &#x641;&#x62A;&#x62D; &#x67E;&#x648; &#x631; &#x6CC; </subfield>
  </datafield>
  <datafield tag="245" ind1=" " ind2=" ">
    <subfield code="a">&#x627; &#x631; &#x634;&#x62F; &#x645;&#x64A;&#x646;&#x627; &#x646;&#x6AF;&#x631; &#x6CC; :&#x67E;&#x62A;&#x6BE;&#x631; &#x648; &#x6BA; &#x6A9;&#x648; &#x632; &#x628;&#x627; &#x646; &#x62F; &#x64A;&#x646;&#x6D2; &#x648; &#x627; &#x644;&#x627; &#x634;&#x627; &#x639;&#x631; </subfield>
    <subfield code="c"> &#x646;&#x632; &#x64A;&#x631; &#x641;&#x62A;&#x62D; &#x67E;&#x648; &#x631; &#x6CC; </subfield>
    <subfield code="h">&#x627; &#x631; &#x62F; &#x648; </subfield>
  </datafield>
  <datafield tag="246" ind1=" " ind2=" ">
    <subfield code="b">Arshad Meena Nagri : Pathron Ko Zuban Dene Wala Shair(Urdu)</subfield>
    <subfield code="a">by Nazir Fatehpuri </subfield>
  </datafield>
  <datafield tag="260" ind1=" " ind2=" ">
    <subfield code="a">Pune</subfield>
    <subfield code="b">Asbaque  Publications </subfield>
    <subfield code="c">2017 &#x621;  </subfield>
  </datafield>
  <datafield tag="270" ind1=" " ind2=" ">
    <subfield code="a">230/B/102,Saira Manzil,Viman Darshan,Sanjay Park,Lohgaon Road,</subfield>
    <subfield code="b">Pune</subfield>
    <subfield code="e">411032</subfield>
    <subfield code="k">9822516338</subfield>
    <subfield code="l">-</subfield>
  </datafield>
  <datafield tag="300" ind1=" " ind2=" ">
    <subfield code="a">96 &#x635;</subfield>
    <subfield code="c">22 Cm(Hb)</subfield>
  </datafield>
  <datafield tag="942" ind1=" " ind2=" ">
    <subfield code="2">ddc</subfield>
    <subfield code="c">UR</subfield>
    <subfield code="h">841.8</subfield>
    <subfield code="m">&#x646; &#x632; &#x6CC; </subfield>
  </datafield>
  <datafield tag="952" ind1=" " ind2=" ">
    <subfield code="0">0</subfield>
    <subfield code="1">0</subfield>
    <subfield code="4">0</subfield>
    <subfield code="7">1</subfield>
    <subfield code="8">NFIC</subfield>
    <subfield code="a">DBAD</subfield>
    <subfield code="b">L</subfield>
    <subfield code="d">2022-04-11</subfield>
    <subfield code="e">DBAD/PUB</subfield>
    <subfield code="g">100.00</subfield>
    <subfield code="l">0</subfield>
    <subfield code="o">841.8 &#x646; &#x632; &#x6CC;</subfield>
    <subfield code="p">U-10071</subfield>
    <subfield code="r">2022-04-11 00:00:00</subfield>
    <subfield code="t">1</subfield>
    <subfield code="v">100.00</subfield>
    <subfield code="w">2022-04-11</subfield>
    <subfield code="y">UR</subfield>
  </datafield>
</record>
